000 01054nam a2200301 4500
001 0000012787
003 CO-CtgCURN
005 20250825223110.0
008 160627s1996 000 0 eng d
020 _a9580433070
040 _aCO-CtgCURN
_bspa
_ccoctgcurn
082 0 _a004.65
_bL665i
100 1 _aLevine, John R.
245 1 3 _aEl internet para dummies /
_cJohn R. Levine, Carol Baroudi, Margaret Levine Young , traducido por Erna von der Walde.
250 _a3a ed.
260 _aBogotá :
_bNorma,
_c1996.
300 _axx, 449 p.
336 _2rdacontent
337 _2rdamedia
_asin mediacion
_bn
338 _2rdacarrier
_avolumen
_bnc
505 8 _aBienvenido a Internet.--Como usar su cuenta de Internet.--El resto de la red.--Cuatro rampas de entrada.--La parte de las decenas
534 _aThe internet for dummies.
650 0 _aInternet
_vManuales.
700 1 _aBaroudi, Carol.
908 _a160627
942 _cBK
_h004.65
_iL665i
_2ddc
999 _c49498
_d49498
_x1